| 000 | 01180nam0a22002891 4500 | ||
|---|---|---|---|
| 001 | rc\2353958 | ||
| 005 | 20260407020228.0 | ||
| 035 | _a(NLR Aleph) 006477078 | ||
| 090 |
_a5994931 _c5994931 |
||
| 100 | _a20110829d1977 |||y0rusy50 ca | ||
| 101 | 0 | _arus | |
| 102 | _aRU | ||
| 105 | _aa z ||||| | ||
| 200 | 1 |
_aМосковское городское производственное объединение "Мослифт". 1953-1978 _e[Фотоальбом _fФото: С.К. Булавского, А.С. Конопляник] |
|
| 210 |
_aМосква _cПланета _d1977 |
||
| 215 |
_a[63] с. _cил. _d23 |
||
| 300 | _aНа обороте тит. л. сост.: А.А. Корнеев | ||
| 702 | 1 |
_aБулавский _bС. К. _4440 |
|
| 702 | 1 |
_aКонопляник _bА. С. _4440 |
|
| 702 | 1 |
_aКорнеев _bА. А. _cсоставитель фотоальбома _gАлексей Алексеевич _3RU\NLR\AUTH\770274211 _4220 |
|
| 710 | 0 | 2 |
_a"Мослифт", объединение _9507278 _3RU\NLR\AUTH\8810004956 |
| 801 | 0 |
_aRU _bNLR _gpsbo |
|
| 801 | 1 |
_aRU _bELAR _2rusmarc |
|
| 852 |
_aNLR _jЭ АлТ652/2-1 |
||
| 942 | _cBOOK | ||
| 980 | _aNB | ||